000 00488 a2200145 4500
245 _aEnglish Parnassus, 1657
_hprint
020 _a0854178813
100 _aW.Macneile Dixon
650 _aENGLISH LITERATURE
005 20191017173902.0
260 _aenk
_bScolar Press
_c1972
084 _aPR1175 .P714 1657a
300 _a[35], 601 p. 24 cm.
_b[35], 601 p. 24 cm.
_c[35], 601 p. 24 cm.
500 _a"A Scolar Press facsimile."
490 _aEnglish linguistics, 1500-1800, a collection of facsimile reprints, no. 359
999 _c10868
_d10868